000 00548nam a22002177a 4500
003 UA-OsUOA
001 46235
007 ta
008 20070611b un ||||| |||| 00| 0 ukr d
100 _aПрезидент України Віктор Ющенко
090 _a32
_bП-11
942 _cSA
040 _aUA-OsUOA
_bukr
_cUA-OsUOA
_dUA-OsUOA
245 _aЗвернення з нагоди Дня Перемоги
300 _aС.1
955 _a0
041 _aukr
080 _a32
773 0 _w45853
650 7 _a32 Політика
_2UDC
999 _c332335
_d332335